Представление документа в формате MARC21

Поле Инд. ПП Название Значение
Тип записи a
Библиографический уровень m
001 Контрольный номер UNIDUBNA15d9f1aeca2148c789d07c210946ac2e
005 Дата корректировки 20260514160340.0
040 b Код языка каталог. rus
041 0_ a Код языка текста rus
084 a Индекс другой классификации/Индекс ББК 81.0я44
090 a Полочн. индекс 81.0я44
x Авторский знак Б 903
100 1_ a Автор Будагов Р. А.
q Полное имя Будагов Рубен Александрович
245 10 a Заглавие Язык, история и современность
260 a Место издания Москва
b Издательство Издательство Московского университета
c Дата издания 1971
300 a Объем 300 с.
336 a Термин вида содержания Текст
337 a Термин типа средства непосредственный
505 0_ a Форматированное содержание Общее языкознание в СССР за 50 лет
505 0_ a Форматированное содержание Система языка в связи с разграничением его истории и современного состояния
505 0_ a Форматированное содержание Фердинанд де Соссюр и языкознание нашего времени (К 50-летию „Курса общей лингвистики")
505 0_ a Форматированное содержание Категория значения в общей теории языка
505 0_ a Форматированное содержание О типологии речи
505 0_ a Форматированное содержание Шарль Балли о языке и стиле
505 0_ a Форматированное содержание Некоторые спорные вопросы современной семасиологии
505 0_ a Форматированное содержание Типы соответствий между значениями слов в родственных языках
505 0_ a Форматированное содержание История слова роман
505 0_ a Форматированное содержание Данте о литературном языке
505 0_ a Форматированное содержание Пушкин — лингвист (к постановке вопроса)
505 0_ a Форматированное содержание Об одной стилистической особенности „Дон Кихота“ Сервантеса
505 0_ a Форматированное содержание Джованни Верга о художественном переводе
505 0_ a Форматированное содержание Что же такое научный стиль?
505 0_ a Форматированное содержание Наблюдения над языком и стилем И. Ильфа и Е. Петрова (опыт лингвистической интерпретации текста)
505 0_ a Форматированное содержание Две проблемы изучения порядка слов
505 0_ a Форматированное содержание Соответствие и тождество в сопоставительном синтаксисе
505 0_ a Форматированное содержание Сравнительно-историческое изучение романских языков и общие вопросы синтаксиса
505 0_ a Форматированное содержание К теории отношений между словом, словосочетанием и предложением
505 0_ a Форматированное содержание К спорам вокруг русской орфографии
600 14 a Персоналии Балли Шарль
a Персоналии Верга Джованни
a Персоналии Данте Алигьери
a Персоналии Ильф Илья Арнольдович
a Персоналии Пушкин Александр Сергеевич
a Персоналии Соссюр Фердинанд де
650 04 a Основная рубрика общее языкознание
a Основная рубрика филологические науки
a Основная рубрика языкознание
653 0_ a Ключевые слова значение
a Ключевые слова культурное развитие
a Ключевые слова научный стиль
a Ключевые слова орфография
a Ключевые слова романские языки
a Ключевые слова семасиология
a Ключевые слова синтаксис
a Ключевые слова система языка
a Ключевые слова сравнительно-историческое языкознание
a Ключевые слова стилистические особенности
a Ключевые слова художественный перевод
a Ключевые слова язык
900 a Имя электронного ресурса obl_Budagov
x Справочная информация Обложка
901 t Тип документа m
952 a Тип литературы для КСУ ВШ НАУ